[Event "WYCC 2018 O16"]
[Site "Halkidiki"]
[Date "2018.10.28"]
[Round "9"]
[White "Katopodis, Dimitrios"]
[Black "Engel, Luis"]
[Result "0-1"]
[WhiteElo "2310"]
[BlackElo "2441"]
[Annotator "TA"]
[PlyCount "122"]
[EventDate "2018.10.20"]
[EventType "swiss"]
[EventCountry "GRE"]
[SourceTitle "playchess.com"]
[Source "ChessBase"]
[SourceQuality "1"]

{[%evp 22,122,38,27,40,29,38,31,55,52,43,26,37,38,38,11,26,22,41,41,54,54,54,54,75,39,44,35,54,-14,-14,-19,52,-95,-34,-51,0,0,0,0,0,-14,-31,-40,-17,-16,-85,-83,-79,-84,-64,-179,-179,-186,-189,-191,-184,-191,-184,-226,-220,-281,-277,-275,-275,-227,-212,-412,-348,-588,-580,-549,-464,-694,-685,-645,-644,-535,-385,-422,-421,-300,-293,-841,-849,-740,-497,-1393,-293,-1392,-1286,-1300,-1236,-2033,-1551,-29978,-29979,-29979,-29980,-29978,-29979,-29991,-29992]} 1. d4 Nf6 2. Nf3 d5 3. c4 e6 4. g3 Bb4+ 5. Bd2 Be7 6. Bg2 O-O 7. O-O Nbd7 8. Qc2 {E11: Bogo-Indian} (8. Nc3 c6 9. Bf4 dxc4 10. e4 Re8 11. a4 b6 12. d5 exd5 13. exd5 Bb7 14. a5 bxa5 15. d6 Bf8 16. Nd2 Nd5 17. Nxd5 cxd5 18. Nxc4 dxc4 19. Bxb7 {½-½ (42) Nakamura,H (2777)-Karjakin,S (2773) Saint Louis 2018}) 8... Ne4 9. Nc3 {[%cal Bb1c3,Bc3e2,Be2f4][%mdl 32]} Nxd2 10. Nxd2 c6 11. Rfd1 f5 12. e3 {LiveBook: 3 Games} Rb8 $146 ({Predecessor:} 12... Nf6 13. Ne2 Ne4 14. Nf3 Bd7 15. Ne5 Bf6 {1-0 (61) Lalith,B (2542)-Le,T (2485) chess.com INT 2018}) 13. Ne2 Bd6 14. Nf4 Qf6 15. Nd3 g5 16. f4 gxf4 17. gxf4 Qh6 18. Nf3 Nf6 19. Nfe5 Kh8 20. Bf3 Bd7 21. Kh1 Be8 22. Rg1 Rc8 23. c5 Be7 24. Rg3 Ne4 25. Bxe4 (25. Rg2 $1 $14) 25... dxe4 $11 26. Nf2 Bf6 ({Black should play} 26... Bh4 $11 27. Rh3 Rg8) 27. Rag1 (27. Nh3 $1 $14 {keeps the upper hand.}) 27... Bh5 (27... Bxe5 $1 $17 28. dxe5 Bh5) 28. Nd7 $1 $15 Rf7 (28... Rg8 $1 $15 29. Rxg8+ Rxg8 30. Rxg8+ Kxg8 31. Nxf6+ Qxf6) 29. Nxf6 $11 {[#] White threatens Rg8+ and mate.} Bf3+ 30. Rxf3 $1 exf3 31. N6e4 fxe4 32. Qxe4 Rg8 {White must now prevent ...Rxg1+.} 33. Rxg8+ (33. Qe5+ $1 $11 {keeps the balance.} Qf6 34. Qxf6+ Rxf6 35. Rg3) 33... Kxg8 $17 34. Qxf3 $11 {[%mdl 4096] Endgame KQR-KQN} Rg7 35. Qe4 Qf6 $40 {[%mdl 128] Black is up to no good.} 36. Nd3 (36. Qe5 $15 Qxe5 37. fxe5) 36... Qf5 $19 37. Qxf5 exf5 {KR-KN} 38. Ne5 Kf8 {[%mdl 1024] Black has strong compensation.} 39. Nc4 {Black should prevent Nd6.} Ke7 40. Nd6 Ke6 41. b4 h5 42. Ne8 Rg6 43. Nd6 Rg8 44. Nxb7 $2 (44. b5 {was necessary.}) 44... Rb8 45. Na5 $2 (45. Nd6 {is the only way for White.} Rxb4 46. Ne8) 45... Kd5 46. a3 Re8 47. Nb7 (47. a4 $142 Rxe3 48. b5 cxb5 49. axb5 Kxd4 50. b6 Kxc5 51. bxa7) 47... Rxe3 48. Nd6 Rxa3 49. Nxf5 Ke6 50. Nd6 Rb3 51. f5+ Kd7 52. b5 $2 (52. f6) 52... cxb5 53. d5 Rc3 54. Ne4 (54. Nxb5 $142 Rxc5 55. Nxa7) 54... Rc1+ 55. Kg2 b4 {[%cal Bb5b4,Bb4b3,Bb3b2][%mdl 32]} 56. c6+ {[#]} Ke8 $1 57. f6 b3 58. Nd6+ Kf8 {Black mates.} 59. Nb5 b2 60. Na3 Kf7 61. Kg3 Rc3+ {Precision: White = 43%, Black = 56%.} 0-1

[Event "WYCC 2018 O16"]
[Site "Halkidiki"]
[Date "2018.10.28"]
[Round "9"]
[White "Kamer, Kayra"]
[Black "Kozak, Adam"]
[Result "1-0"]
[WhiteElo "2290"]
[BlackElo "2445"]
[Annotator "TA"]
[PlyCount "79"]
[EventDate "2018.10.20"]
[EventType "swiss"]
[EventCountry "GRE"]
[SourceTitle "playchess.com"]
[Source "ChessBase"]
[SourceQuality "1"]

{[%evp 25,79,28,36,-2,-3,2,0,0,14,0,16,-42,-43,-47,-50,-52,-54,-41,-32,-63,-67,-98,-94,-101,-79,-122,-121,-229,-236,-295,-166,-160,0,-290,-249,-205,-66,-67,0,-229,-212,-360,-321,-293,-263,-268,320,317,627,615,29994,29995,29995,29996,29996,29997]} 1. e4 c5 2. Nf3 d6 3. d4 cxd4 4. Nxd4 Nf6 5. Nc3 a6 6. f3 e5 7. Nb3 Be6 8. Be3 h5 9. Nd5 {B90: Sicilian Najdorf: Unusual White 6th moves, 6 Be3 Ng4 and 6 Be3 e5} Bxd5 10. exd5 Nbd7 11. Be2 g6 12. Qd2 Qc7 (12... Rc8 13. c4 Bg7 14. O-O O-O 15. Na5 Qc7 16. Rac1 e4 {1-0 (52) Duda,J (2737)-Karjakin,S (2773) chess.com INT 2018}) 13. c4 a5 {[%cal Ba6a5,Ba5a4][%mdl 32] LiveBook: 6 Games} 14. O-O a4 15. Nc1 Bg7 16. Nd3 O-O $146 ({Predecessor:} 16... e4 17. fxe4 Nxe4 {0-1 (36) Sharpell,F (2263)-Hanssen,F (2261) ICCF email 2013}) 17. Rac1 Rfe8 18. c5 (18. Nf2 $11) 18... Nxd5 $15 19. cxd6 Qxd6 20. Nc5 Nxc5 21. Bxc5 Qd8 22. Bc4 Nf4 23. Qb4 Bf8 24. Bxf8 Rxf8 25. Rfd1 Qg5 $40 {[%csl Gf4][%cal Rg5g2][%mdl 128] Black has strong attack.} 26. g3 (26. Rc2 $17 {was the only defense.}) 26... h4 $19 27. Kf2 Nh3+ (27... hxg3+ $142 28. hxg3 Nh5) 28. Kg2 Nf4+ (28... hxg3 $1 $17 29. hxg3 Nf4+ 30. Kf2 Nh5) 29. Kf2 hxg3+ 30. hxg3 Nh3+ (30... Nh5 $1 $19 31. Rg1 e4 $1 {[%mdl 512]} 32. fxe4 Rad8) 31. Kg2 $15 Nf4+ $2 (31... b5 $1 $15 32. Kxh3 bxc4 33. Qxc4 Rab8) 32. Kf2 $1 $19 {[#]} Nh5 $1 33. g4 (33. Rg1 $142) 33... Nf4 34. Rh1 Rad8 35. Rc2 Nd3+ $4 {[%mdl 8192]} (35... Kg7 $19 36. Qxb7 Qf6) 36. Bxd3 $1 $18 Rxd3 $2 {[#]} (36... Kg7) 37. Rh8+ $1 {[%mdl 512]} Kxh8 38. Qxf8+ {White mates.} Kh7 39. Qxf7+ Kh8 40. Qf8+ {Precision: White = 24%, Black = 32%.} 1-0

[Event "WYCC 2018 O16"]
[Site "Halkidiki"]
[Date "2018.10.28"]
[Round "9"]
[White "Talukdar, Rohan"]
[Black "Vrolijk, Liam"]
[Result "0-1"]
[WhiteElo "2279"]
[BlackElo "2437"]
[Annotator "TA"]
[PlyCount "64"]
[EventDate "2018.10.20"]
[EventType "swiss"]
[EventCountry "GRE"]
[SourceTitle "playchess.com"]
[Source "ChessBase"]
[SourceQuality "1"]

{[%evp 19,64,0,0,0,0,0,0,0,12,8,0,0,20,14,12,13,12,8,24,0,0,0,0,3,2,-19,-16,-12,-11,-202,-196,-329,-372,-331,-263,-260,-255,-746,-749,-725,-716,-651,-427,-425,-417,-509,-506]} 1. e4 e5 2. Nf3 Nc6 3. Bc4 Bc5 4. d3 Nf6 5. Nbd2 O-O 6. O-O d6 7. c3 a5 {C54: Giuoco Piano: 4 c3 Nf6, main lines with 5 d4 and 5 d3} 8. Bb3 (8. h3 h6 9. Re1 Be6 10. Bb5 Qb8 11. Nf1 Qa7 12. Be3 Bxe3 13. Nxe3 Ne7 14. Ba4 Ng6 15. Bc2 {½-½ (27) Dominguez Perez,L (2739)-Nakamura,H (2777) Saint Louis 2018}) 8... h6 9. h3 Be6 10. Re1 Bxb3 {LiveBook: 3 Games} 11. Qxb3 Qd7 12. a4 Rfe8 13. Nc4 $146 ({Predecessor:} 13. Nf1 Rab8 14. Ng3 Kh8 15. Be3 Bxe3 16. fxe3 {½-½ (16) Behroozimoghaddam,H-Soltani,A Kerman 2012}) 13... d5 14. exd5 Qxd5 15. Be3 Bxe3 16. Rxe3 e4 17. dxe4 Rxe4 18. Rxe4 Nxe4 19. Qxb7 Rb8 20. Qxc7 Qxc4 {[#]} 21. Nd4 $1 {[%mdl 512]} Rxb2 (21... Nxd4 22. Qxc4) 22. Re1 Nxc3 23. Nxc6 {Ne7+ would kill now.} Kh7 {Threatens to win with ...Re2.} 24. Qd7 $2 (24. Qd6 $1 $11 {and White has nothing to worry.}) 24... Re2 $40 {[%mdl 128] Black is out for blood.} ({Wrong is} 24... Nxa4 $2 25. Qf5+ g6 26. Qf6 $18) 25. Rf1 {[#]} (25. Ra1 {only move.}) 25... Re6 $1 {aiming for ...Ne2+.} 26. Nd8 Ne2+ 27. Kh2 Qf4+ 28. Kh1 $2 {[#]} (28. g3 Nxg3 29. Nxe6 Nxf1+ 30. Kg2 Qh2+ 31. Kxf1 Qxh3+ 32. Kg1 fxe6 33. Qb5) 28... Ng3+ $1 {[%mdl 512]} 29. Kg1 (29. fxg3 Qxf1+) 29... Rd6 30. Qxf7 Ne2+ 31. Kh1 Rxd8 32. Qb3 Qe4 {Precision: White = 35%, Black = 95%.} 0-1

[Event "WYCC 2018 O16"]
[Site "Halkidiki"]
[Date "2018.10.28"]
[Round "9"]
[White "Loiacono, Leonardo"]
[Black "Stoleriu, George"]
[Result "1/2-1/2"]
[WhiteElo "2277"]
[BlackElo "2362"]
[Annotator "NA"]
[PlyCount "71"]
[EventDate "2018.10.20"]
[EventType "swiss"]
[EventCountry "GRE"]
[SourceTitle "playchess.com"]
[Source "ChessBase"]
[SourceQuality "1"]
[TimeControl "40/5400+30:1800+30"]

1. d4 {[%emt 0:00:00]} e6 {[%emt 0:00:00]} 2. c4 {[%emt 0:00:00]} Nf6 {[%emt 0:00:00]} 3. Nc3 {[%emt 0:00:00]} Bb4 {[%emt 0:00:00]} 4. Qc2 {[%emt 0:00:00]} O-O {[%emt 0:00:00]} 5. a3 {[%emt 0:01:05]} Bxc3+ {[%emt 0:00:00]} 6. Qxc3 {[%emt 0:00:07]} b5 {[%emt 0:00:00]} 7. cxb5 {[%emt 0:04:41]} c6 {[%emt 0:00:29]} 8. Bg5 {[%emt 0:10:18]} cxb5 {[%emt 0:00:07]} 9. e3 {[%emt 0:00:13]} Bb7 {[%emt 0:00:15]} 10. Nf3 {[%emt 0:00:15]} h6 {[%emt 0:00:06]} 11. Bxf6 {[%emt 0:06:45]} Qxf6 {[%emt 0:01:51]} 12. Be2 {[%emt 0:05:43]} Nc6 {[%emt 0:03:54]} 13. O-O {[%emt 0:02:51]} Rac8 {[%emt 0:04:38]} 14. Qd2 {[%emt 0:04:33]} Ne7 {[%emt 0:31:51]} 15. Ne5 {[%emt 0:08:27]} d6 {[%emt 0:03:12]} 16. Bf3 $11 {[%emt 0:00:50]} dxe5 {[%emt 0:27:45]} 17. Bxb7 {[%emt 0:05:15]} Rc7 {[%emt 0:02:17]} 18. dxe5 {[%emt 0:00:34]} Qxe5 {[%emt 0:00:17]} 19. Bf3 {[%emt 0:00:17]} Rfc8 {[%emt 0:01:14]} 20. Rac1 {[%emt 0:00:34]} Nf5 {[%emt 0:02:02]} 21. Rxc7 {[%emt 0:02:04]} Qxc7 {[%emt 0:01:08]} 22. Rd1 {[%emt 0:00:45]} Qe5 {[%emt 0:12:19]} 23. g3 {[%emt 0:01:54]} Qc7 {[%emt 0:03:56]} 24. Qd7 {[%emt 0:03:21]} Qc5 {[%emt 0:02:43]} 25. Be4 {[%emt 0:03:30]} g6 {[%emt 0:00:41]} 26. Kg2 {[%emt 0:02:15]} a5 {[%emt 0:00:16]} 27. Rd2 {[%emt 0:00:25]} Rb8 {[%emt 0:01:07]} 28. h4 {[%emt 0:03:14]} Qe5 {[%emt 0:01:03]} 29. Bxf5 {[%emt 0:01:39]} gxf5 {[%emt 0:00:45]} 30. Rd4 {[%emt 0:01:23]} Kg7 {[%emt 0:00:27]} 31. Qa7 {[%emt 0:00:44]} b4 {[%emt 0:00:20]} 32. a4 {[%emt 0:02:37]} Rc8 {[%emt 0:00:30]} 33. Rd7 {[%emt 0:02:32]} Rf8 {[%emt 0:00:22]} 34. b3 {[%emt 0:03:45]} Qe4+ {[%emt 0:00:32]} 35. Kh2 {[%emt 0:00:06]} Qc2 {[%emt 0:00:49]} 36. Qd4+ {[%emt 0:00:40]} 1/2-1/2

[Event "WYCC 2018 O16"]
[Site "Halkidiki"]
[Date "2018.10.28"]
[Round "9"]
[White "Chukavin, Kirill"]
[Black "Van Malder, Dries"]
[Result "1/2-1/2"]
[WhiteElo "2274"]
[BlackElo "2150"]
[Annotator "NA"]
[PlyCount "73"]
[EventDate "2018.10.20"]
[EventType "swiss"]
[EventCountry "GRE"]
[SourceTitle "playchess.com"]
[Source "ChessBase"]
[SourceQuality "1"]
[TimeControl "40/5400+30:1800+30"]

1. e4 {[%emt 0:00:00]} c5 {[%emt 0:00:00]} 2. Nf3 {[%emt 0:00:00]} Nc6 {[%emt 0:00:00]} 3. d4 {[%emt 0:00:08]} cxd4 {[%emt 0:00:00]} 4. Nxd4 {[%emt 0:00:04]} Qb6 {[%emt 0:00:02]} 5. Nb3 {[%emt 0:01:25]} Nf6 {[%emt 0:00:09]} 6. Bd3 {[%emt 0:05:52]} e6 {[%emt 0:01:45]} 7. Be3 {[%emt 0:01:07]} Qc7 {[%emt 0:00:11]} 8. Nc3 {[%emt 0:04:08]} Be7 {[%emt 0:05:55]} 9. f4 {[%emt 0:01:16]} d6 {[%emt 0:00:29]} 10. Qf3 {[%emt 0:01:07]} O-O {[%emt 0:02:21]} 11. g4 {[%emt 0:02:18]} a6 {[%emt 0:08:12]} 12. g5 {[%emt 0:06:45]} Nd7 {[%emt 0:01:39]} 13. h4 {[%emt 0:01:49]} b5 {[%emt 0:02:38]} 14. h5 {[%emt 0:05:14]} Nc5 {[%emt 0:24:49]} 15. Nxc5 {[%emt 0:03:29]} dxc5 {[%emt 0:00:07]} 16. e5 {[%emt 0:06:28]} c4 {[%emt 0:03:07]} 17. Be4 {[%emt 0:07:07]} Bb7 {[%emt 0:02:13]} 18. Nd1 {[%emt 0:19:22]} Rad8 {[%emt 0:09:37]} 19. c3 {[%emt 0:06:42]} Na5 {[%emt 0:18:33]} 20. Nf2 {[%emt 0:03:12]} Bxe4 {[%emt 0:01:04]} 21. Nxe4 {[%emt 0:02:03]} Qc6 {[%emt 0:01:23]} 22. Ke2 {[%emt 0:02:49]} Rd3 {[%emt 0:03:47]} 23. b4 {[%emt 0:04:43]} Rfd8 {[%emt 0:04:28]} 24. bxa5 {[%emt 0:03:12]} Rxe3+ {[%emt 0:01:00]} 25. Qxe3 {[%emt 0:00:25]} Rd3 {[%emt 0:00:14]} 26. Rad1 {[%emt 0:02:44]} Rxe3+ {[%emt 0:00:40]} 27. Kxe3 {[%emt 0:00:02]} h6 {[%emt 0:06:03]} 28. gxh6 {[%emt 0:06:19]} Bc5+ {[%emt 0:00:46]} 29. Kf3 {[%emt 0:03:29]} f5 {[%emt 0:00:43]} 30. exf6 {[%emt 0:00:01]} gxf6 {[%emt 0:00:07]} 31. h7+ {[%emt 0:01:22]} Kxh7 {[%emt 0:00:24]} 32. h6 {[%emt 0:00:47]} f5 {[%emt 0:01:46]} 33. Rd7+ {[%emt 0:00:02]} Kh8 {[%emt 0:00:41]} 34. Rd8+ {[%emt 0:00:12]} Kh7 {[%emt 0:01:12]} 35. Rd7+ {[%emt 0:00:20]} Kh8 {[%emt 0:00:24]} 36. Rd8+ {[%emt 0:00:19]} Kh7 {[%emt 0:00:07]} 37. Rd7+ {[%emt 0:00:19]} 1/2-1/2

[Event "WYCC 2018 O16"]
[Site "Halkidiki"]
[Date "2018.10.28"]
[Round "9"]
[White "Thilakarathne, G M H"]
[Black "Gatineau, Yovann"]
[Result "1/2-1/2"]
[WhiteElo "2268"]
[BlackElo "2376"]
[Annotator "NA"]
[PlyCount "144"]
[EventDate "2018.10.20"]
[EventType "swiss"]
[EventCountry "GRE"]
[SourceTitle "playchess.com"]
[Source "ChessBase"]
[SourceQuality "1"]
[TimeControl "40/5400+30:1800+30"]

1. e4 {[%emt 0:00:00]} e5 {[%emt 0:00:52]} 2. Nf3 {[%emt 0:00:00]} Nc6 {[%emt 0:00:43]} 3. Bb5 {[%emt 0:02:03]} a6 {[%emt 0:00:26]} 4. Ba4 {[%emt 0:00:37]} Nf6 {[%emt 0:00:11]} 5. O-O {[%emt 0:00:44]} Bc5 {[%emt 0:00:05]} 6. Re1 {[%emt 0:02:08]} O-O {[%emt 0:03:54]} 7. c3 {[%emt 0:01:50]} b5 {[%emt 0:00:20]} 8. Bb3 {[%emt 0:05:20]} d6 {[%emt 0:00:22]} 9. h3 {[%emt 0:05:32]} Bb7 {[%emt 0:01:19]} 10. d4 {[%emt 0:02:50]} Ba7 {[%emt 0:01:21]} 11. a4 {[%emt 0:16:52]} h6 {[%emt 0:03:56]} 12. Na3 $11 {[%emt 0:05:23]} b4 {[%emt 0:05:33]} 13. Nc4 {[%emt 0:04:52]} bxc3 {[%emt 0:08:07]} 14. bxc3 {[%emt 0:00:30]} Re8 {[%emt 0:01:30]} 15. d5 {[%emt 0:08:25]} Ne7 {[%emt 0:00:31]} 16. Na5 {[%emt 0:04:03]} Bc8 {[%emt 0:14:49]} 17. Nd2 {[%emt 0:13:52]} c6 {[%emt 0:05:11]} 18. Nxc6 {[%emt 0:00:20]} Nxc6 {[%emt 0:00:04]} 19. dxc6 {[%emt 0:00:08]} Qb6 {[%emt 0:00:01]} 20. Qf3 {[%emt 0:00:55]} Qxc6 {[%emt 0:00:52]} 21. a5 {[%emt 0:04:00]} Qc7 {[%emt 0:01:54]} 22. Nf1 {[%emt 0:01:56]} Be6 {[%emt 0:05:03]} 23. Ba4 {[%emt 0:03:01]} Rec8 {[%emt 0:02:35]} 24. Bxh6 {[%emt 0:02:37]} Qxc3 {[%emt 0:00:19]} 25. Qxc3 {[%emt 0:02:27]} Rxc3 {[%emt 0:00:06]} 26. Be3 {[%emt 0:06:53]} Bxe3 {[%emt 0:09:19]} 27. Rxe3 {[%emt 0:00:01]} Rc5 {[%emt 0:00:41]} 28. Bd1 {[%emt 0:00:33]} Rb8 {[%emt 0:00:28]} 29. Be2 {[%emt 0:01:50]} Bc4 {[%emt 0:03:19]} 30. Ng3 {[%emt 0:01:00]} Bxe2 {[%emt 0:11:33]} 31. Rxe2 {[%emt 0:00:13]} Rbb5 {[%emt 0:00:19]} 32. Nf5 {[%emt 0:00:58]} Rxa5 {[%emt 0:03:41]} 33. Rxa5 {[%emt 0:01:28]} Rxa5 {[%emt 0:00:04]} 34. Nxd6 {[%emt 0:00:09]} Ra4 {[%emt 0:00:13]} 35. Rb2 {[%emt 0:01:25]} Nxe4 {[%emt 0:02:59]} 36. Rb8+ {[%emt 0:00:09]} Kh7 {[%emt 0:00:04]} 37. Nxf7 {[%emt 0:00:06]} Ra1+ {[%emt 0:01:19]} 38. Kh2 {[%emt 0:00:01]} Nxf2 {[%emt 0:00:11]} 39. Rh8+ {[%emt 0:00:45]} Kg6 {[%emt 0:00:08]} 40. Nxe5+ {[%emt 0:00:00]} Kf5 {[%emt 0:00:00]} 41. Rf8+ {[%emt 0:07:06]} Kxe5 {[%emt 0:05:00]} 42. Rxf2 {[%emt 0:00:24]} a5 {[%emt 0:00:07]} 43. Kg3 {[%emt 0:08:29]} a4 {[%emt 0:03:43]} 44. Rf7 {[%emt 0:00:25]} g6 {[%emt 0:00:20]} 45. Kg4 {[%emt 0:02:38]} a3 {[%emt 0:01:02]} 46. Ra7 {[%emt 0:00:19]} Kf6 {[%emt 0:01:35]} 47. Ra6+ {[%emt 0:03:56]} Kf7 {[%emt 0:00:10]} 48. Kg5 {[%emt 0:00:44]} Rg1 {[%emt 0:05:59]} 49. g4 {[%emt 0:00:25]} Rg3 {[%emt 0:00:12]} 50. h4 {[%emt 0:00:12]} Re3 {[%emt 0:01:49]} 51. Ra7+ {[%emt 0:00:29]} Re7 {[%emt 0:00:37]} 52. Rxa3 {[%emt 0:00:15]} Kg7 {[%emt 0:00:06]} 53. Ra5 {[%emt 0:00:34]} Rb7 {[%emt 0:01:10]} 54. Re5 {[%emt 0:00:58]} Ra7 {[%emt 0:00:25]} 55. Kf4 {[%emt 0:00:30]} Ra4+ {[%emt 0:00:48]} 56. Re4 {[%emt 0:00:35]} Ra7 {[%emt 0:00:53]} 57. Rd4 {[%emt 0:00:33]} Re7 {[%emt 0:00:06]} 58. g5 {[%emt 0:00:20]} Kf7 {[%emt 0:00:52]} 59. Rd5 {[%emt 0:01:34]} Kg7 {[%emt 0:01:52]} 60. Re5 {[%emt 0:00:41]} Ra7 {[%emt 0:00:21]} 61. Re4 {[%emt 0:00:09]} Kf7 {[%emt 0:03:30]} 62. Ke5 {[%emt 0:00:06]} Re7+ {[%emt 0:00:39]} 63. Kd5 {[%emt 0:00:19]} Rxe4 {[%emt 0:00:33]} 64. Kxe4 {[%emt 0:00:06]} Ke6 {[%emt 0:00:02]} 65. Kf4 {[%emt 0:00:17]} Kf7 {[%emt 0:00:08]} 66. Kg3 {[%emt 0:00:44]} Kf8 {[%emt 0:00:38]} 67. Kf3 {[%emt 0:00:33]} Kf7 {[%emt 0:00:37]} 68. Kf4 {[%emt 0:00:36]} Kf8 {[%emt 0:00:10]} 69. Ke4 {[%emt 0:00:39]} Ke8 {[%emt 0:00:04]} 70. Kd4 {[%emt 0:00:16]} Kd8 {[%emt 0:00:15]} 71. Kc5 {[%emt 0:00:40]} Ke7 {[%emt 0:00:05]} 72. Kd5 {[%emt 0:01:07]} Kd7 {[%emt 0:00:32]} 1/2-1/2

[Event "WYCC 2018 O16"]
[Site "Halkidiki"]
[Date "2018.10.28"]
[Round "9"]
[White "Nielsen, Andre"]
[Black "Kim, Yunseo"]
[Result "0-1"]
[WhiteElo "2260"]
[BlackElo "1995"]
[Annotator "NA"]
[PlyCount "106"]
[EventDate "2018.10.20"]
[EventType "swiss"]
[EventCountry "GRE"]
[SourceTitle "playchess.com"]
[Source "ChessBase"]
[SourceQuality "1"]
[TimeControl "40/5400+30:1800+30"]

1. e4 {[%emt 0:00:00]} c6 {[%emt 0:00:00]} 2. d4 {[%emt 0:00:00]} d5 {[%emt 0:00:00]} 3. Nc3 {[%emt 0:00:25]} dxe4 {[%emt 0:00:00]} 4. Nxe4 {[%emt 0:00:08]} Bf5 {[%emt 0:00:00]} 5. Ng3 {[%emt 0:00:07]} Bg6 {[%emt 0:00:01]} 6. h4 {[%emt 0:00:15]} h6 {[%emt 0:00:05]} 7. Nf3 {[%emt 0:00:13]} e6 {[%emt 0:00:07]} 8. Ne5 {[%emt 0:06:54]} Bh7 {[%emt 0:00:06]} 9. Bd3 {[%emt 0:01:25]} Bxd3 {[%emt 0:00:08]} 10. Qxd3 {[%emt 0:00:10]} Nd7 {[%emt 0:00:06]} 11. f4 {[%emt 0:07:25]} Be7 {[%emt 0:00:08]} 12. Nf3 {[%emt 0:05:13]} Ngf6 {[%emt 0:07:31]} 13. Bd2 {[%emt 0:02:23]} c5 {[%emt 0:03:55]} 14. O-O-O {[%emt 0:02:00]} Qc7 {[%emt 0:05:01]} 15. Kb1 {[%emt 0:07:06]} O-O {[%emt 0:01:54]} 16. c4 {[%emt 0:05:36]} cxd4 {[%emt 0:02:08]} 17. Nxd4 {[%emt 0:00:40]} Rac8 {[%emt 0:02:20]} 18. b3 {[%emt 0:02:02]} Rfd8 {[%emt 0:15:44]} 19. Qf3 {[%emt 0:04:48]} a6 {[%emt 0:08:13]} 20. h5 {[%emt 0:09:35]} b5 {[%emt 0:07:39]} 21. cxb5 {[%emt 0:03:15]} axb5 {[%emt 0:02:50]} 22. Rc1 {[%emt 0:01:59]} Qd6 {[%emt 0:01:12]} 23. Nge2 {[%emt 0:02:23]} Nh7 {[%emt 0:17:57]} 24. Bc3 {[%emt 0:04:20]} Qa6 {[%emt 0:03:50]} 25. Rhd1 {[%emt 0:03:57]} Ndf6 {[%emt 0:05:20]} 26. Ba1 {[%emt 0:03:00]} Nd5 {[%emt 0:03:35]} 27. Rd2 {[%emt 0:07:51]} Bf6 {[%emt 0:01:51]} 28. Rxc8 {[%emt 0:01:18]} Rxc8 {[%emt 0:01:16]} 29. Qd3 {[%emt 0:01:53]} Qa5 {[%emt 0:03:08]} 30. Rc2 {[%emt 0:08:17]} Qe1+ {[%emt 0:01:42]} 31. Nc1 {[%emt 0:00:38]} Rxc2 {[%emt 0:00:36]} 32. Nxc2 {[%emt 0:00:42]} Qa5 {[%emt 0:03:36]} 33. Ne2 {[%emt 0:03:11]} Bxa1 {[%emt 0:00:30]} 34. Kxa1 {[%emt 0:00:16]} Nhf6 {[%emt 0:00:14]} 35. f5 {[%emt 0:03:05]} Nxh5 {[%emt 0:01:57]} 36. fxe6 {[%emt 0:00:24]} fxe6 {[%emt 0:00:09]} 37. Ncd4 {[%emt 0:03:33]} Nhf4 {[%emt 0:01:29]} 38. Nxf4 {[%emt 0:01:13]} Nxf4 {[%emt 0:00:05]} 39. Qe3 {[%emt 0:00:49]} e5 {[%emt 0:01:40]} 40. Qxe5 {[%emt 0:00:00]} Qc3+ {[%emt 0:00:00]} 41. Kb1 {[%emt 0:01:35]} Qd3+ {[%emt 0:04:31]} 42. Kc1 {[%emt 0:13:45]} Qxd4 {[%emt 0:00:38]} 43. Qxd4 {[%emt 0:05:34]} Ne2+ {[%emt 0:00:06]} 44. Kd2 {[%emt 0:00:13]} Nxd4 {[%emt 0:00:05]} 45. Kd3 {[%emt 0:00:05]} Nc6 {[%emt 0:00:19]} 46. a4 {[%emt 0:01:15]} bxa4 {[%emt 0:00:23]} 47. bxa4 {[%emt 0:00:07]} Kf7 {[%emt 0:00:27]} 48. Kc4 {[%emt 0:00:09]} Ke6 {[%emt 0:00:12]} 49. Kc5 {[%emt 0:00:19]} Kd7 {[%emt 0:00:10]} 50. Kd5 {[%emt 0:00:18]} h5 {[%emt 0:03:19]} 51. Kc5 {[%emt 0:01:53]} h4 {[%emt 0:00:35]} 52. Kd5 {[%emt 0:03:49]} g5 {[%emt 0:00:24]} 53. a5 {[%emt 0:00:18]} Nd8 {[%emt 0:00:18]} 0-1

[Event "WYCC 2018 O16"]
[Site "Halkidiki"]
[Date "2018.10.28"]
[Round "9"]
[White "Semjonovs, Ilja"]
[Black "Szpar, Milosz"]
[Result "1/2-1/2"]
[WhiteElo "2245"]
[BlackElo "2328"]
[Annotator "TA"]
[PlyCount "43"]
[EventDate "2018.10.20"]
[EventType "swiss"]
[EventCountry "GRE"]
[SourceTitle "playchess.com"]
[Source "ChessBase"]
[SourceQuality "1"]

{[%evp 34,43,22,30,49,-36,66,60,59,52,83,82]} 1. e4 c5 2. Nf3 Nc6 3. d4 cxd4 4. Nxd4 Nf6 5. Nc3 e5 6. Ndb5 d6 7. Bg5 a6 8. Na3 b5 9. Nd5 Be7 10. Bxf6 Bxf6 11. c3 O-O 12. Nc2 Bg5 13. h4 Bh6 14. a4 {B33: Sizilianisch (Lasker/Pelikan/Sweschnikow-Variante)} (14. g4 f6 15. Rh3 Ne7 16. Ncb4 Be6 17. Rd3 Nxd5 18. Nxd5 Kh8 19. Bh3 Bg8 20. a4 bxa4 21. Qxa4 a5 22. Rad1 {½-½ (30) Sutovsky,E (2689)-Lenic,L (2650) Austria 2017}) 14... bxa4 15. Rxa4 a5 16. Bc4 Rb8 17. b3 Kh8 18. Nce3 {LiveBook: 14 Partien} Ne7 19. Ng4 $146 (19. Nxe7 $14 Qxe7 20. Ng4 (20. Rxa5 Bxe3 21. fxe3 Be6 $11)) ({Vorgänger:} 19. Nxe7 Qxe7 20. Nf5 Bxf5 21. exf5 e4 22. Qd4 e3 23. g4 exf2+ 24. Kxf2 d5 25. Bxd5 {½-½ (38) Zolochevsky,V (2000)-Pereverzev,A (2373) ICCF email 2006}) 19... Bxg4 ({Günstiger ist} 19... Bd7 $15 20. Ra1 Nxd5 21. Nxh6 Nxc3 22. Qxd6 Nxe4 23. Qxf8+ Qxf8 24. Nxf7+ Kg8 25. Ng5+ Kh8 26. Nf7+ Kg8 27. Ng5+ Kh8 28. Nf7+) 20. Qxg4 $14 Nxd5 21. Bxd5 Rb5 22. Qe2 1/2-1/2